<?xml version="1.0" encoding="UTF-8"?>
<marc:record xmlns:marc="http://www.loc.gov/MARC21/slim">
   <marc:leader>00000nam a2200000 a 4500</marc:leader>
   <marc:datafield ind1="1" ind2=" " tag="100">
      <marc:subfield code="a">Rottschalk, Gregor</marc:subfield>
      <marc:subfield code="4">aut</marc:subfield>
      <marc:subfield code="e">Verfasser/-in</marc:subfield>
   </marc:datafield>
   <marc:datafield ind1="0" ind2="0" tag="245">
      <marc:subfield code="a">Alle lieben Tabaluga</marc:subfield>
   </marc:datafield>
   <marc:datafield ind1=" " ind2="1" tag="264">
      <marc:subfield code="b">Tandem Verlag GmbH</marc:subfield>
      <marc:subfield code="c">2000</marc:subfield>
   </marc:datafield>
   <marc:datafield ind1="1" ind2=" " tag="520">
      <marc:subfield code="a">Der kleine Drache Tabaluga ist eines Tages in Grünland aus einem Ei gekrabbelt. Wie jeder Drache kann er fliegen und Feuer spucken.
Eigentlich könnte es in Grünland ganz friedlich zugehen, wenn nur Arktos, der Herrscher der Eiswelt, nicht immer wieder für Aufregung sorgen würde. Eines Tages entführt er den Maulwurf Digby, dann geht plötzlich die Sonne nicht mehr auf, und wer hat Tabalugas geliebte Sonnenblumenkerne geklaut?
Nur gut, dass der kleine pfiffige Drache immer eine hat, wie er seinen Freunden helfen kann.</marc:subfield>
   </marc:datafield>
   <marc:datafield ind1=" " ind2=" " tag="020">
      <marc:subfield code="a">9783897313569</marc:subfield>
      <marc:subfield code="9">9783897313569</marc:subfield>
   </marc:datafield>
</marc:record>
